03012cam a2200349 i 4500001001000000003001000010005001700020007000300037008004100040020001500081040004400096041000800140082001900148245011100167264004300278264001200321300002700333336002700360337003300387338002800420490001600448505186200464563001402326650004202340653003202382700005102414830003802465942000702503945001202510952012302522999001702645768714001CO-MdFUSB20240827084456.0ta990205t1998 sp | ||| ||spa  a8427122071 aSpMaBNbspacCO-MdFUSBerdcdCO-MdFUSBC aspa 223a800bSA1151 aSaberes y sabores : bhomenaje a Luis Alonso Schökel, S.Jc/ editado por Guillermo Martín Rodríguez  1aBilbao, España :bMensajero,c[1998] 4c© 1998 a270 páginasc; 22 cm 2rdacontentatextobtxt 2rdamediaasin mediaciónbn 2rdacarrieravolumenbnc1 aTestimonios aFost mortem / Guillermo Martin Rodríguez. -- El olivo y sus raíces / Luis Alonso Schökel. -- Las huellas de Moisés. Lección clausural / Luis Alonso Schökel. -- Entrevista / Guillermo Martín Rodríguez. --Elogio del profesor doctor Luis Alonso Schökel / José Ramón Busto. -- Recuerdos de un profesor de literatura bíblica / Luis Alonso Schökel. -- La Biblia del Peregrino, operación cultural. Entrevista / José María Valverde y las traducciones bíblico-litúrgicas. In "memoriam" / Luis Alonso Schökel. -- Veinticinco años de traducciones litúrgicas / Luis Alonso Schökel. -- El Diccionario Bíblico Hebreo-Español. Entrevista Guillermo Martín Rodríguez. -- La Palabra inspirada (Luis Alonso Schökel) La noble artesanía del estilo. /Luis Alonso Schökel. -- Testimonios El candor del Padre Brown Francisco Pérez Gutiérrez. -- Recuerdos de convivencia / José O'Callaghan, S.J. -- Creador de una escuela exegética y de traducción. -- Carlo Maria Martini. -- Mis encuentros «vitales> con Luis Alonso Schökel /Joaquín L. Ortega. -- Retrato a lápiz sobre papel de acuarela / José María Cabodevilla. -- VI. Un personaje de la historia bíblica / Gonzalo Flor Serrano -- Como «el perfume que baja por la barba de Aarón> / José Luis SicreHomenaje. /José María Abrego. -- Escritor, escriturario, espejo / Eduardo Zurro Rodríguez. -- Con mi maestro / Lorenzo Tous. -- Biblia y oración / Max Taggi, S. J.-- Testimonios de una amistad. / Vicente Collado Bertomeu y Pepe Rodilla Martínez. -- Espiritualidad / Angel Tejerina, S. J. -- Con el carisma del comunicador (Pasquale Borgomeo, S. J.).. In memoriam (Vicente Collado Bertomeu). -- Bibliografía. -- Mi biografía en forma de bibliografía (Luis Alonso Schökel)........... Bibliografía completa (Eduardo Zurro).  aRústico 7aHermenéutica bíblica2embne97333 aLuis Alonso Schökel, S.J.1 aMartín Rodríguez, Guillermod1938-eeditor 0aTestimonios (Ediciones Mensajero) cBK aJTF-925 00102ddc40708GENaFUSBCbFUSBCd2023-03-10l0oG 800 SA115sp24308r2023-03-10 00:00:00tEj. 1w2023-03-10yBKk68 c68569d68569